Wordt geladen...
Life's little ironies /
| Hoofdauteur: | |
|---|---|
| Taal: | Undetermined |
| Gepubliceerd in: |
Wordsworth ,
1995.
|
| LEADER | 00433nam a2200133Ia 4500 | ||
|---|---|---|---|
| 001 | 136186 | ||
| 008 | 170722s9999 xx 000 0 und d | ||
| 100 | |a Hardy, Thomas | ||
| 245 | |a Life's little ironies / | ||
| 260 | |b Wordsworth , |c 1995. | ||
| 923 | |d 20031011 |n 7972-7975 | ||
| 942 | |c GEN | ||
| 999 | |c 127278 |d 127278 | ||
| 952 | |0 0 |1 0 |4 0 |6 O_31M40L_N5 |7 0 |8 LC1 |9 180033 |a LIB |b LIB |d 2013-03-25 |e D C Books |h LC1 |o O-31M40,L N5 |p 250711 |r 2017-08-12 |w 2017-08-12 |y GEN | ||